ბათუმის შოთა რუსთაველის სახელმწიფო უნივერსიტეტის ბიბლიოთეკა

Управление проектами / (ბიბ.ჩანაწერი № 35658)

000 -LEADER
fixed length control field 00747nam a2200241Ia 4500
001 - CONTROL NUMBER
control field 1531
003 - CONTROL NUMBER IDENTIFIER
control field GE_BSU
005 - DATE AND TIME OF LATEST TRANSACTION
control field 20211130110822.0
008 - FIXED-LENGTH DATA ELEMENTS--GENERAL INFORMATION
fixed length control field 181216s2006ru xx |||||||||||||| ||rus||
020 ## - INTERNATIONAL STANDARD BOOK NUMBER
International Standard Book Number 5947232499
040 ## - CATALOGING SOURCE
Transcribing agency GE_BSU
080 ## - UNIVERSAL DECIMAL CLASSIFICATION NUMBER
Universal Decimal Classification number 658.1 М-29
100 ## - MAIN ENTRY--PERSONAL NAME
Personal name Мартин, П.
9 (RLIN) 13107
245 ## - TITLE STATEMENT
Title Управление проектами /
Statement of responsibility, etc. Мартин П., Тейт К.
264 ## - PRODUCTION, PUBLICATION, DISTRIBUTION, MANUFACTURE, AND COPYRIGHT NOTICE
Place of production, publication, distribution, manufacture Питер :
Name of producer, publisher, distributor, manufacturer СПБ :
Date of production, publication, distribution, manufacture, or copyright notice 2006.
300 ## - PHYSICAL DESCRIPTION
Extent 224 стр.
653 ## - INDEX TERM--UNCONTROLLED
keyword Менеджмент
653 ## - INDEX TERM--UNCONTROLLED
keyword მენეჯმენტი
653 ## - INDEX TERM--UNCONTROLLED
keyword Управление проектами
653 ## - INDEX TERM--UNCONTROLLED
keyword ბიზნესი. ეკონომიკა
700 ## - ADDED ENTRY--PERSONAL NAME
Personal name Тейт, К.
Relator term ავტორი
9 (RLIN) 13108
942 ## - ADDED ENTRY ELEMENTS (KOHA)
Koha item type წიგნი
Source of classification or shelving scheme
ეგზემპლარები
Withdrawn status Lost status Source of classification or shelving scheme Damaged status Not for loan Permanent Location Current Location Shelving location Date acquired Cost, normal purchase price Full call number Barcode Date last seen Copy number Price effective from Koha item type Public note
          ბათუმის შოთა რუსთაველის სახელმწიფო უნივერსიტეტის მთავარი ბიბლიოთეკა ბათუმის შოთა რუსთაველის სახელმწიფო უნივერსიტეტის მთავარი ბიბლიოთეკა წიგნსაცავი 2018-12-17 8.00 658.1 М-29 1023 2018-12-17 1023 2018-12-17 წიგნი 8 ლ.